Les animaux domestiques selon le droit français - Statistiques

Statistiques générales
  • Ce quiz a été pris 171 fois
  • Le résultat moyen est 19 sur 69
Statistiques - réponses
Famille Initiale Réponse % Correct
Canidé C Chien
99%
Félidé C Chat
98%
Equidé C Cheval
83%
Leporidé L Lapin
70%
Muridé R Rat
70%
Muridé S Souris
68%
Muridé H Hamster
66%
Equidé A Ane
60%
Bovidé M Mouton
59%
Bovidé B Boeuf
57%
Caviidé CI Cochon d'Inde
55%
Poisson PR Poisson rouge
55%
Bovidé C Chèvre
53%
Chinchillidés C Chinchilla
53%
Anatidé C Canard
44%
Columbidés C Colombe
44%
Columbidés P Pigeon
43%
Mustélidé F Furet
42%
Bovidé Y Yack
42%
Camélidé C Chameau
40%
Camélidé D Dromadaire
40%
Cervidé R Renne
39%
Anatidé O Oie
38%
Psittacidés P Perruche
38%
Anoures G Grenouille
36%
Suidé P Porc
35%
Bovidé Z Zébu
34%
Camélidé L Lama
33%
Insecte A Abeille
28%
Muridé G Gerbille
28%
Columbidés T Tourterelle
26%
Phasianidés P Paon
23%
Poisson CK Carpe Koï
21%
Méléagrididés D Dindon
21%
Bovidé B Buffle
20%
Phasianidés F Faisan
19%
Poisson C Combattant
18%
Phasianidés C Caille
15%
Anatidé C Cygne
15%
Poisson G Guppy
15%
Corvidés G Geai
13%
Turdidés M Merle
13%
Estrildidés M Moineau
13%
Passeridés M Moineau
13%
Numididés P Pintade
13%
Fringillidés P Pinson
11%
Sturnidés E Etourneau
9%
Psittacidés I Inséparable
9%
Urodelles S Salamandre
9%
Fringillidés C Chardonneret
8%
Fringillidés T Tarin
8%
Fringillidés B Bouvreuil
7%
Turdidés G Grive
7%
Fringillidés S Serin
7%
Insecte VS Ver à soie
7%
Insecte D Drosophile
6%
Fringillidés V Verdier
6%
Poisson D Danio
5%
Estrildidés D Diamant
5%
Fringillidés R Roselin
5%
Fringillidés S Sizerin
5%
Camélidé A Alpage
3%
Psittacidés C Conure
3%
Poisson PJ Poisson japonais
3%
Estrildidés BA Bec d'argent
1%
Estrildidés BP Bec de plomb
1%
Estrildidés C Calfat
1%
Psittacidés C Calopsitte
1%
Estrildidés CC Cou-coupé
1%
Aucun quiz correspondant
Distribution des résultats
% des personnes avec chaque résultat
Percentile par nombre de réponses
Votre historique - résultats
Vous n’avez pas pris ce quiz